Statistiques concernant Culture Générale - Série 2037

Cliquez ici pour prendre le quiz!

Statistiques générales

  • Ce quiz a été pris 91 fois
  • Le résultat moyen est 4 sur 10

Statistiques - réponses

QuestionRéponse% Correct
De quel pays est originaire le mets traditionnel appelé "sashimi" ?Japon
94%
Faire une sortie luxueuse, dispendieuse, c'est faire "la tournée des grands ...ducs
74%
Dans une chanson célèbre, quelle ville Henri Salvador aimerait tant voir ?Syracuse
62%
Dans quel art peut-on parler d'anacrouse ?musique
52%
Quel mot anglais désigne un bref thème musical introduisant ou accompagnant une émission ou un message publicitaire et destiné à provoquer un réflexe de reconnaissance ?jingle
47%
Quelle île est surnommée "L'île d'émeraude" ?Irlande
27%
Dans quel département français se trouve la commune d'Epoisses, célèbre pour son fromage ?Côte-d'Or
22%
État d'une personne habillée sans aucune recherche ou vêtement synonyme de nuisettenégligé
14%
L'un des plus grands prophètes d'Israël, il a donné son nom à l'un des livres de l'Ancien Testament - voir photoEzéchiel
12%
La participation des forces armées françaises, au maintien de la paix en Côte d'Ivoire ,qui a débuté en 2002 s'appelait : "Opération ...licorne
5%

Distribution des résultats

Percentile par nombre de réponses

% des personnes avec chaque résultat

Votre développement - résultats

Vous n’avez pas pris ce quiz